[Event "NEP-ch Seniors 5th"]
[Site "Kathmandu"]
[Date "2022.11.05"]
[Round "1"]
[White "Agrawal, Sitaram"]
[Black "Nepali, Badrilal"]
[Result "0-1"]
[WhiteElo "1666"]
[BlackElo "1945"]
[PlyCount "125"]
[EventDate "2022.11.05"]
[EventType "swiss"]
[EventRounds "7"]
[EventCountry "NEP"]
[SourceTitle "CBM 211 Extra"]
[Source "ChessBase"]
[SourceDate "2023.01.31"]
[SourceVersion "1"]
[SourceVersionDate "2023.01.31"]
[SourceQuality "1"]

1. e4 c5 2. g3 Nc6 3. Bg2 Nf6 4. Ne2 g6 5. c3 Bg7 6. d4 cxd4 7. cxd4 d6 8. h3 0-0 9. Nbc3 Nd7 10. Be3 a6 11. Qd2 Re8 12. 0-0 Rb8 13. Rad1 b5 14. b3 Bb7 15. f4 Rc8 16. e5 Na5 17. Ne4 d5 18. Nf2 e6 19. g4 Nc6 20. Ng3 Qh4 21. Nfh1 Qe7 22. f5 Qb4 23. fxe6 fxe6 24. Qb2 Na5 25. Rf2 Qc3 26. Qxc3 Rxc3 27. Bd2 Rd3 28. Rc1 Nc6 29. Bf1 Rxd4 30. Bc3 Bxe5 31. Ne2 Re4 32. Bg2 Re3 33. Bd2 Rd3 34. Bh6 Bg7 35. Bxg7 Kxg7 36. Rcf1 Rf8 37. Nf4 Re3 38. Rc1 Rf7 39. h4 Nf6 40. Rcf1 Nd8 41. g5 Ng4 42. Rc2 b4 43. h5 Rc3 44. h6+ Kf8 45. Rxc3 bxc3 46. Ne2 Ne3 47. Rxf7+ Nxf7 48. Bf1 c2 49. Nf2 Nxg5 50. Nd3 a5 51. Nec1 Nxf1 52. Kxf1 Ba6 53. Ke1 Ne4 54. Nf4 Kf7 55. Nh3 e5 56. Ng1 Kf6 57. Nf3 g5 58. Nh2 Kf5 59. Nf3 g4 60. Ng1 g3 61. Nge2 Bxe2 62. Kxe2 g2 63. Ke1 0-1